000 00440 a2200109 4500
005 20260327144254.0
100 _aNandgaonkar S.
_9217332
245 _aआधुनिक महाराष्ट्राची जडणघडण शिल्पकार चरित्रकोश खंड ७: चित्रपट आणि संगीत
250 _a1st
260 _bSaptahik Vivek Hindusthan Prakashan Samstha
_c2014
942 _cAR
999 _c370793
_d370793